Derecho a la identidad y filiacin̤

Bibliographic Details
Main Author: Gm̤ez Bengoechea, Blanca
Format: eBook
Language:Spanish
Published: Madrid : Dykinson, 2007
Subjects:
Online Access:http://www.vlex.com/source/7021

MARC

LEADER 00000nam a22000007a 4500
005 20130222103552.0
007 cr|||| ||||
008 130222e2007 sp |||||s|||| 00||0 spa d
020 |a 978-84-9031-198-1 
035 |a 7021 
040 |a vLex 
090 |c 3718  |d 3718 
100 1 0 |a Gm̤ez Bengoechea, Blanca 
245 1 0 |a Derecho a la identidad y filiacin̤  |h [Recurso electrn̤ico] 
256 |a Servicio en ln̕ea 
260 |a Madrid :  |b Dykinson,   |c 2007 
300 |a 1 Recurso electrn̤ico 
650 0 4 |a Derechos humanos 
650 0 4 |a Menores 
650 0 4 |a Filiacin̤ 
650 0 4 |a Derecho civil 
740 |a vLex Libros (Servicio en ln̕ea) 
856 |a Acceso restringido  |u http://www.vlex.com/source/7021 
942 |c BOOK 
999 0 |a Human rights